Matt Damon Movies - Sudden Death - Statistics

General Stats
  • This quiz has been taken 1,106 times
  • The average score is 6 of 23
Answers on the Grid
Answers color-coded by a green-red scale on the quiz's grid according to % correct below.
Good Will Hunting
Titan A.E.
The Talented Mr. Ripley
Ocean's Eleven
Interstellar
Oppenheimer
Air
Promised Land
Happy Feet Two
Thor: Ragnarok
Dogma
The Rainmaker
Saving Private Ryan
Spirit: Stallion of the Cimaroon
All the Pretty Horses
Finding Forrester
The Legend of Bagger Vance
We Bought a Zoo
The Adjustment Bureau
The Monuments Men
Suburbicon
The Great Wall
Jason Bourne
The Bourne Legacy
Happy Feet
Clerks
Buffy the Vampire Slayer
The Postman
Fear and Loathing in Las Vegas
Zoolander 2
Enemy of the State
This is the End
Shark Tale
Hugo
Silence
The Irishman
 
Answer Stats
Answer % Correct
Good Will Hunting
60%
Saving Private Ryan
53%
Jason Bourne
51%
Ocean's Eleven
51%
The Talented Mr. Ripley
47%
Oppenheimer
37%
Interstellar
35%
We Bought a Zoo
35%
The Great Wall
28%
Dogma
24%
The Adjustment Bureau
21%
The Monuments Men
21%
Thor: Ragnarok
20%
Air
19%
The Rainmaker
18%
The Legend of Bagger Vance
15%
Suburbicon
9%
All the Pretty Horses
8%
Spirit: Stallion of the Cimaroon
7%
Finding Forrester
5%
Happy Feet Two
5%
Promised Land
5%
Titan A.E.
5%
No matching quizzes found
Score Distribution
Percent of People with Each Score
Percentile by Number Answered
Your Score History
You have not taken this quiz